000 00559nam a2200181 i 4500
001 23423
003 ES-MaACL
005 20250810063023.0
007 t|
008 021210s1958 sp ||||1| spa d
100 1 _aÁlvarez-Gendín, Sabino,
_d1895-1983
_920820
245 1 0 _aTratado general de Derecho Administrativo /
_cSabino Alvarez-Gendín.
260 _aBarcelona :
_bBosch,
_c1958 (
_fClarasó)
300 _a2 v. ;
_c24 cm.
852 _aES-MaACL
_jC-24023-4
_bR.52921
852 _aES-MaACL
_jC-24777-8
_bR.43362
999 _c23423
_d23423